000 00325nam a2200133Ia 4500
008 100328s9999 xx 000 0 und d
082 _b67962
100 _aHoward Linda.
245 _aDrop Dead Gorgeous.
260 _bBallantine Books.
630 _aDrop Dead Gorgeous.
730 _aDrop Dead Gorgeous.
942 _cBOOK
999 _c553701
_d553698